<?xml version="1.0" encoding="UTF-8"?>
<record
    xmlns:xsi="http://www.w3.org/2001/XMLSchema-instance"
    xsi:schemaLocation="http://www.loc.gov/MARC21/slim http://www.loc.gov/standards/marcxml/schema/MARC21slim.xsd"
    xmlns="http://www.loc.gov/MARC21/slim">

  <leader>00482nam a2200145Ia 4500</leader>
  <controlfield tag="008">240509s9999    xx            000 0 und d</controlfield>
  <datafield tag="041" ind1=" " ind2=" ">
    <subfield code="a">mar</subfield>
  </datafield>
  <datafield tag="082" ind1=" " ind2=" ">
    <subfield code="a">891.463 &#x91C;&#x94B;&#x936;&#x940;</subfield>
    <subfield code="b">&#x91C;&#x94B;&#x936;&#x940;</subfield>
  </datafield>
  <datafield tag="100" ind1=" " ind2=" ">
    <subfield code="a">&#x91C;&#x94B;&#x936;&#x940; &#x91A;&#x93F;&#x902;. &#x935;&#x93F;.</subfield>
    <subfield code="9">206458</subfield>
  </datafield>
  <datafield tag="245" ind1=" " ind2=" ">
    <subfield code="a">&#x91A;&#x93F;&#x92E;&#x923;&#x930;&#x93E;&#x935;&#x93E;&#x91A;&#x947; &#x91A;&#x930;&#x94D;&#x200D;&#x939;&#x93E;&#x91F;</subfield>
  </datafield>
  <datafield tag="260" ind1=" " ind2=" ">
    <subfield code="c">2014</subfield>
    <subfield code="b">&#x915;&#x949;&#x928;&#x94D;&#x91F;&#x93F;&#x928;&#x947;&#x928;&#x94D;&#x91F;&#x932; &#x92A;&#x94D;&#x930;&#x915;&#x93E;&#x936;&#x928;</subfield>
  </datafield>
  <datafield tag="300" ind1=" " ind2=" ">
    <subfield code="a">238</subfield>
  </datafield>
  <datafield tag="700" ind1=" " ind2=" ">
    <subfield code="a">&#x91C;&#x94B;&#x936;&#x940; &#x91A;&#x93F;&#x902;. &#x935;&#x93F;.</subfield>
    <subfield code="9">206458</subfield>
  </datafield>
  <datafield tag="906" ind1=" " ind2=" ">
    <subfield code="b">40</subfield>
  </datafield>
  <datafield tag="999" ind1=" " ind2=" ">
    <subfield code="c">357924</subfield>
    <subfield code="d">357924</subfield>
  </datafield>
  <datafield tag="952" ind1=" " ind2=" ">
    <subfield code="0">0</subfield>
    <subfield code="1">0</subfield>
    <subfield code="4">0</subfield>
    <subfield code="7">0</subfield>
    <subfield code="a">CCEP</subfield>
    <subfield code="b">CCEP</subfield>
    <subfield code="c">Main</subfield>
    <subfield code="d">2020-02-07</subfield>
    <subfield code="e">Varma Book Distributors</subfield>
    <subfield code="f">GENRL</subfield>
    <subfield code="g">160.00</subfield>
    <subfield code="i">1444</subfield>
    <subfield code="l">4</subfield>
    <subfield code="o">891.463 &#x91C;&#x94B;&#x936;&#x940;</subfield>
    <subfield code="p">CCEP-BK-62287</subfield>
    <subfield code="r">2025-10-29 15:21:08</subfield>
    <subfield code="s">2025-10-10</subfield>
    <subfield code="v">200.00</subfield>
    <subfield code="w">2020-01-28</subfield>
    <subfield code="y">BK</subfield>
    <subfield code="z">062287</subfield>
  </datafield>
</record>
